000 00390nam a2200157Ia 4500
008 230917s9999||||xx |||||||||||||| ||und||
020 _cRS15
040 _e21968
_aMAIN
041 _aEnglish
082 _a301.426 K824F
100 _aKohli, Shanta
245 0 _aFamily planning in India: a descriptive analysis
260 _aNew Delhi
_bI I P A
_c1977
300 _a43 p.
942 _cBK
999 _c188771
_d188771